Statistiques concernant Pays insulaires deviné le plus souvent

Cliquez ici pour prendre le quiz!

Statistiques générales

  • Ce quiz a été pris 73 fois
  • Le résultat moyen est 8 sur 10

Statistiques - réponses

%pays% Correct
83Madagascar
88%
69Indonésie
87%
93Japon
85%
76Nouvelle-Zélande
84%
87Royaume-Uni
82%
79Cuba
79%
80Islande
76%
87Irlande
75%
57Haïti
63%
51République dominicaine
53%

Distribution des résultats

Percentile par nombre de réponses

% des personnes avec chaque résultat

Votre développement - résultats

Vous n’avez pas pris ce quiz